O dragão irritante (Registo nº 4142)

Detalhes MARC
000 -Etiqueta do registo
Cabeçalho 00777nam a2200277 4500
005 - Identificador da versão
Campo de controlo 20240813122053.0
010 ## - Número internacional normalizado dos livros (ISBN)
Número (ISBN) 9789722416160
021 ## - Número do Depósito Legal
Código do país PT
Número 277342/08
100 ## - Dados gerais de processamento
Dados gerais de processamento 20090127d2008 c y0pory5003 ba
102 ## - Pais de publicação ou produção
País de publicação Portugal
101 1# - Língua de publicação
Língua do texto, banda sonora, etc. Português
Língua do documento no original Inglês
106 ## - Campo de dados codificados: material textual
Dados codificados do material textual r
105 ## - Campo de dados codificados: livros
Dados codificados dos livros a z 000ay
215 ## - Descrição física 
Indicação específica da natureza do documento e extensão da espécie [26] p.
Dimensões 25 cm
200 1# - Titulo e menção de responsabilidade
Título próprio O dragão irritante
Primeira menção de responsabilidade Julie Sykes
Outras menções de responsabilidade il. Melanie Willianson ; trad. Sandra Pereira
210 ## - Publicação, Distribuição, etc. 
Lugar da edição, distribuição, etc. Lisboa
Nome do editor, distribuidor, etc. Livros Horizonte
Data da publicação, distribuição, etc. 2008
304 ## - Notas relativas a título e menção de responsabilidade 
Texto da nota Tít orig.: That pesky dragon
675 ## - Classificação Decimal Universal (CDU)
Notação 087.5
Edição BN
Língua da edição por
702 #1 - Nome de autor-pessoa física (responsabilidade secundária)
Número de registo de entrada de autoridade 0000785
Palavra de ordem Williamson
Outra parte do nome não tomada para palavra de ordem Melanie
Código de função Ilustrador / Técnico de desenho computorizado
Número de registo de entrada de autoridade 0000786
Palavra de ordem Pereira
Outra parte do nome não tomada para palavra de ordem Sandra
Código de função Tradutor
700 #1 - Nome de autor-pessoa física (responsabilidade principal)
Número de registo de entrada de autoridade 0000784
Palavra de ordem Sykes
Outra parte do nome não tomada para palavra de ordem Julie
966 ## - Identificação da Biblioteca
Sigla EBVendas
942 ## - Elementos de entrada adicionados (Koha)
Tipo de item no Koha Livro
Exemplares
Situação do levantamento Origin of item (home branch) (coded) Biblioteca de empréstimo Código de barras Cota Circulation type (not for loan) Tipo de documento Nota do exemplar Damaged status
  Biblioteca Escolar das Vendas Biblioteca Escolar das Vendas BEV2138 8EST SYK   Livro Sem mensagem